000 00483nam a2200193Ia 4500
008 240510s9999 xx 000 0 und d
020 _a0001871307341
041 _aEng
082 _a006.7
082 _bH22
100 _aHEDGECOE, J.:
245 0 _aHEDGECOE ON VIDEO : A COMPLETE CREATIVE AND TECHNICAL GUIDE TO MAKING VIDEOS
260 _bOCTOPUS PUBLISHING GROUP
260 _c1989
300 _a254 p.
650 _aMULTIMEDIA : VIDEO
942 _2ddc
942 _cLBK
999 _c27930
_d27930
945 _a1
_bMadushi Gamage
_c1
_dMadushi Gamage